000
00294nam a2200121 a 4500
008
100916s1985|||| d
245
1
0
_a
Choď za mamou..ocko pracuje!
100
1
_a
Dorinová, Francoise
260
_b
Tatran
_a
Bratislava
_c
1985
020
_c
30
044
_a
xo
_c
SK
041
_a
slo
999
_c
10345
_d
10345